[Event "Pardubice Czech op-B 30th"]
[Site "Pardubice"]
[Date "2019.07.22"]
[Round "4"]
[White "Kuzmin, Gennady"]
[Black "Stock, Andreas"]
[Result "0-1"]
[WhiteElo "2283"]
[BlackElo "2067"]
[PlyCount "80"]
[EventDate "2019.07.19"]
[EventType "swiss"]
[EventRounds "9"]
[EventCountry "CZE"]
[SourceTitle "EXT 2020"]
[Source "ChessBase"]
[SourceDate "2019.10.17"]
[SourceVersion "1"]
[SourceVersionDate "2019.10.17"]
[SourceQuality "1"]

1. d4 Nf6 2. c4 c5 3. d5 b5 4. cxb5 e6 5. Nc3 a6 6. e4 d6 7. Nf3 Be7 8. dxe6 Bxe6 9. Ng5 Bd7 10. Bc4 0-0 11. Qb3 Be8 12. bxa6 Nxa6 13. 0-0 h6 14. Nf3 Nb4 15. Re1 Nc6 16. h3 Na5 17. Bxf7+ Bxf7 18. Qc2 Nb3 19. Rb1 Nxc1 20. Rbxc1 Nd7 21. Nh2 Bf6 22. a3 Rb8 23. f4 Bd4+ 24. Kh1 Qf6 25. Rf1 Bb3 26. Qe2 Qf7 27. Rf3 Bc4 28. Qd2 Nf6 29. e5 Nd5 30. Ne4 Rxb2 31. Rc2 Qf5 32. Rxb2 Qxe4 33. Ng4 Bxb2 34. Qxb2 h5 35. Nf2 Qe1+ 36. Kh2 dxe5 37. Rg3 Nxf4 38. Qb7 Ne6 39. Ne4 Rf1 40. Nf6+ Rxf6 0-1

[Event "Pardubice Czech op-B 29th"]
[Site "Pardubice"]
[Date "2018.07.23"]
[Round "4"]
[White "Janzekovic, Klemen Tilen"]
[Black "Kuzmin, Gennady"]
[Result "1/2-1/2"]
[WhiteElo "2008"]
[BlackElo "2298"]
[PlyCount "91"]
[EventDate "2018.07.20"]
[EventType "swiss"]
[EventRounds "9"]
[EventCountry "CZE"]
[SourceTitle "CBM 186 Extra"]
[Source "ChessBase"]
[SourceDate "2018.08.24"]
[SourceVersion "1"]
[SourceVersionDate "2018.08.24"]
[SourceQuality "1"]

1. Nf3 c5 2. c4 Nf6 3. g3 g6 4. b3 d6 5. d4 Bg4 6. Bg2 Nc6 7. Bb2 Bxf3 8. Bxf3 cxd4 9. Bxd4 Nxd4 10. Qxd4 Bg7 11. Nc3 0-0 12. Qd2 d5 13. Rd1 dxc4 14. Qxd8 Raxd8 15. bxc4 Rxd1+ 16. Kxd1 e6 17. Kc2 b6 18. Rd1 Rc8 19. Kb3 Bf8 20. Nb5 a6 21. Nc3 Rc7 22. Ne4 Nxe4 23. Bxe4 f5 24. Bf3 g5 25. h3 Bc5 26. e3 Kg7 27. Rd2 Kf6 28. g4 Rg7 29. Rd8 Ke5 30. gxf5 exf5 31. Rd5+ Ke6 32. Bd1 g4 33. hxg4 fxg4 34. Rh5 g3 35. fxg3 Bxe3 36. g4 Bg5 37. Bc2 h6 38. Rh3 Ke5 39. Rd3 Be7 40. Rd5+ Kf4 41. Bd1 Bc5 42. Rf5+ Ke3 43. Rf6 Rh7 44. Bc2 Rh8 45. Rf7 a5 46. Rf6 1/2-1/2

[Event "Pardubice Czech op-B 25th"]
[Site "Pardubice"]
[Date "2014.07.26"]
[Round "9"]
[White "Kuzmin, Gennady"]
[Black "Shevchenko, Tanya"]
[Result "1-0"]
[WhiteElo "2309"]
[BlackElo "2048"]
[PlyCount "57"]
[EventDate "2014.07.18"]
[EventType "swiss"]
[EventRounds "9"]
[EventCountry "CZE"]
[SourceTitle "EXT 2015"]
[Source "ChessBase"]
[SourceDate "2014.11.20"]
[SourceVersion "1"]
[SourceVersionDate "2014.11.20"]
[SourceQuality "1"]

1. d4 Nf6 2. c4 g6 3. Nc3 Bg7 4. e4 d6 5. Be2 0-0 6. Bg5 h6 7. Be3 e5 8. d5 Nbd7 9. Qd2 Nc5 10. f3 a5 11. g4 Ne8 12. h4 h5 13. 0-0-0 Bd7 14. gxh5 gxh5 15. Nh3 f5 16. exf5 Bxf5 17. Ng5 Nf6 18. Rhg1 Kh8 19. Rg2 Qd7 20. Rdg1 Rg8 21. Bxc5 dxc5 22. Bd3 Bxd3 23. Qxd3 Bh6 24. Qe3 Rae8 25. Nce4 Nxe4 26. fxe4 Rg7 27. Kb1 Bxg5 28. Rxg5 Rxg5 29. Qxg5 1-0

[Event "Pardubice Czech op-B 25th"]
[Site "Pardubice"]
[Date "2014.07.24"]
[Round "7"]
[White "Zpevakova, Jana"]
[Black "Kuzmin, Gennady"]
[Result "1/2-1/2"]
[WhiteElo "2016"]
[BlackElo "2309"]
[PlyCount "81"]
[EventDate "2014.07.18"]
[EventType "swiss"]
[EventRounds "9"]
[EventCountry "CZE"]
[SourceTitle "EXT 2015"]
[Source "ChessBase"]
[SourceDate "2014.11.20"]
[SourceVersion "1"]
[SourceVersionDate "2014.11.20"]
[SourceQuality "1"]

1. d4 g6 2. c4 Bg7 3. Nc3 d6 4. Nf3 Bg4 5. e3 e5 6. Be2 Nc6 7. dxe5 dxe5 8. 0-0 Nf6 9. b3 e4 10. Nd4 Bxe2 11. Ncxe2 Ne5 12. Ba3 b6 13. Qc2 c5 14. Nb5 0-0 15. Rad1 Qc8 16. h3 Nf3+ 17. Kh1 Ng5 18. Nf4 h5 19. Bb2 Ngh7 20. Nc3 Re8 21. Nfd5 Rb8 22. Nxf6+ Nxf6 23. Nb5 Re7 24. Bxf6 Bxf6 25. Rd5 a6 26. Nc3 Bxc3 27. Qxc3 Re6 28. Rfd1 Qf8 29. R1d2 Rbe8 30. Qa1 Qg7 31. Qxg7+ Kxg7 32. Kg1 Re5 33. Rxe5 Rxe5 34. Rd6 Re6 35. Rxe6 fxe6 36. Kf1 Kf6 37. Ke2 Kg5 38. g3 Kf5 39. Kd2 e5 40. Kc3 g5 41. a4 1/2-1/2

[Event "Pardubice Czech op-B 24th"]
[Site "Pardubice"]
[Date "2013.07.27"]
[Round "9"]
[White "Kuzmin, Gennady"]
[Black "Franke, Lutz"]
[Result "1-0"]
[WhiteElo "2293"]
[BlackElo "2153"]
[PlyCount "83"]
[EventDate "2013.07.19"]
[EventType "swiss"]
[EventRounds "9"]
[EventCountry "CZE"]
[SourceTitle "CBM 155 Extra"]
[Source "ChessBase"]
[SourceDate "2013.08.26"]
[SourceVersion "1"]
[SourceVersionDate "2013.08.26"]
[SourceQuality "1"]

1. d4 Nf6 2. Nf3 g6 3. c4 Bg7 4. Nc3 d5 5. cxd5 Nxd5 6. e4 Nxc3 7. bxc3 c5 8. Bb5+ Nc6 9. 0-0 0-0 10. d5 Bxc3 11. Bh6 Nd4 12. Rc1 Nxf3+ 13. Qxf3 Bg7 14. Bxg7 Kxg7 15. Rxc5 Qd6 16. Rfc1 a6 17. Qc3+ f6 18. Ba4 b5 19. Rc6 Qe5 20. Qxe5 fxe5 21. Bb3 Bd7 22. Rc7 Rfd8 23. h3 Kf6 24. R1c3 Kg7 25. d6 Rdc8 26. Bd5 Rab8 27. Bb7 Rxb7 28. Rxb7 Rxc3 29. Rxd7 Kf8 30. Rxe7 Rd3 31. Rxh7 Rxd6 32. Ra7 b4 33. f3 Rd1+ 34. Kf2 Ra1 35. Rxa6 b3 36. Rb6 bxa2 37. Ra6 Ke7 38. Kg3 Kd7 39. Kg4 Kc7 40. Kg5 Kb7 41. Ra3 Kb6 42. Kxg6 1-0

[Event "Pardubice Czech op-B 24th"]
[Site "Pardubice"]
[Date "2013.07.24"]
[Round "6"]
[White "Grekh, Andrey"]
[Black "Kuzmin, Gennady"]
[Result "0-1"]
[WhiteElo "2382"]
[BlackElo "2293"]
[PlyCount "52"]
[EventDate "2013.07.19"]
[EventType "swiss"]
[EventRounds "9"]
[EventCountry "CZE"]
[SourceTitle "CBM 155 Extra"]
[Source "ChessBase"]
[SourceDate "2013.08.26"]
[SourceVersion "1"]
[SourceVersionDate "2013.08.26"]
[SourceQuality "1"]

1. e4 c5 2. Nf3 Nc6 3. d4 cxd4 4. Nxd4 e5 5. Nb5 d6 6. c4 Be7 7. N1c3 a6 8. Na3 f5 9. Bd3 f4 10. g3 Nf6 11. gxf4 exf4 12. Bxf4 0-0 13. Be2 Ng4 14. Bg3 Nxf2 15. Qd5+ Kh8 16. Bxf2 Rxf2 17. Kxf2 Nb4 18. Qh5 Bh4+ 19. Kg2 g6 20. Qf3 Qg5+ 21. Kf1 Bh3+ 22. Qxh3 Rf8+ 23. Bf3 Qe3 24. Qxh4 Nd3 25. Qg3 Rxf3+ 26. Kg2 Nf4+ 0-1

[Event "Pardubice Czech op-B 24th"]
[Site "Pardubice"]
[Date "2013.07.23"]
[Round "5"]
[White "Colijn, Stefan"]
[Black "Kuzmin, Gennady"]
[Result "0-1"]
[WhiteElo "2293"]
[BlackElo "2293"]
[PlyCount "52"]
[EventDate "2013.07.19"]
[EventType "swiss"]
[EventRounds "9"]
[EventCountry "CZE"]
[SourceTitle "CBM 155 Extra"]
[Source "ChessBase"]
[SourceDate "2013.08.26"]
[SourceVersion "1"]
[SourceVersionDate "2013.08.26"]
[SourceQuality "1"]

1. d4 Nf6 2. Nf3 e6 3. Bf4 b6 4. e3 Bb7 5. Bd3 Be7 6. h3 Ne4 7. Nbd2 f5 8. c3 0-0 9. 0-0 d6 10. Qc2 Nxd2 11. Nxd2 Bf6 12. Bh2 Bg5 13. Rae1 Nd7 14. Re2 g6 15. f4 Bh6 16. e4 Nf6 17. exf5 exf5 18. c4 Re8 19. Rfe1 Rxe2 20. Rxe2 Qd7 21. d5 c6 22. dxc6 Qxc6 23. Nf3 Qc5+ 24. Kh1 Bxf3 25. gxf3 Qd4 26. Be4 fxe4 0-1

[Event "Pardubice TEV op"]
[Site "Pardubice"]
[Date "2011.07.22"]
[Round "1"]
[White "Kuzmin, Gennady"]
[Black "Bicek, Richard"]
[Result "1-0"]
[WhiteElo "2294"]
[BlackElo "2013"]
[PlyCount "123"]
[EventDate "2011.07.22"]
[EventType "swiss"]
[EventRounds "9"]
[EventCountry "CZE"]
[SourceTitle "EXT 2012"]
[Source "ChessBase"]
[SourceDate "2011.11.24"]
[SourceVersion "1"]
[SourceVersionDate "2011.11.24"]
[SourceQuality "1"]

1. d4 d5 2. Nf3 Nf6 3. c4 dxc4 4. e3 a6 5. Bxc4 b5 6. Bd3 e6 7. 0-0 c5 8. Re1 cxd4 9. exd4 Be7 10. Nc3 0-0 11. Bg5 Nbd7 12. Ne5 Bb7 13. a3 Nd5 14. Bd2 Nxe5 15. Rxe5 Bf6 16. Rh5 g6 17. Nxd5 Bxd5 18. Qg4 Bg7 19. Bg5 f6 20. Bh6 f5 21. Qg3 Rf7 22. Rh3 Bxd4 23. Rb1 Qb6 24. Bf4 Rc8 25. Be5 f4 26. Qxg6+ Kf8 27. Qh6+ Ke7 28. Qg5+ Kd7 29. Bxf4 Bxf2+ 30. Kh1 Qd4 31. Rxh7 Rcf8 32. Rc1 Bc4 33. Bxc4 bxc4 34. Rxf7+ Rxf7 35. Be5 Qd3 36. Qh5 Rf5 37. Qh7+ Kc6 38. Bf4 Bc5 39. Qc7+ Kd5 40. Re1 c3 41. bxc3 Kc4 42. h3 e5 43. Qb7 Kxc3 44. Bxe5+ Rxe5 45. Rc1+ Kd4 46. Qb2+ Ke4 47. Re1+ Be3 48. Qb7+ Kd4 49. Qd7+ Kc3 50. Qc7+ Rc5 51. Qg7+ Kd2 52. Qa1 Qc2 53. Rf1 Kd3 54. Qf6 Qc4 55. Qg6+ Ke2 56. Qf6 Kd3 57. Rd1+ Kc2 58. Qa1 Qb3 59. Rf1 Bd2 60. Qd1+ Kb2 61. Qxd2+ Rc2 62. Qd4+ 1-0

[Event "Pardubice Jihlavanka op"]
[Site "Pardubice"]
[Date "2007.07.24"]
[Round "5"]
[White "Kuzmin, Gennady"]
[Black "Mitrovic, Boris"]
[Result "0-1"]
[WhiteElo "2274"]
[BlackElo "2127"]
[PlyCount "110"]
[EventDate "2007.07.20"]
[EventType "swiss"]
[EventRounds "9"]
[EventCountry "CZE"]
[SourceTitle "EXT 2009"]
[Source "ChessBase"]
[SourceDate "2008.11.26"]
[SourceVersion "1"]
[SourceVersionDate "2008.11.26"]
[SourceQuality "1"]

1. d4 f5 2. Nf3 Nf6 3. g3 g6 4. Bg2 Bg7 5. 0-0 0-0 6. c4 d6 7. Nc3 Qe8 8. d5 a5 9. Nd4 Na6 10. Rb1 Bd7 11. b3 c6 12. a3 Nc7 13. Bb2 Rb8 14. Qd2 c5 15. Nf3 b5 16. Ba1 b4 17. axb4 axb4 18. Nd1 Ne4 19. Qc1 Qf7 20. Ne1 Ra8 21. Bxg7 Qxg7 22. f3 Nf6 23. Rf2 Ra6 24. e3 Rfa8 25. Nd3 Ra3 26. Rfb2 R8a5 27. Qd2 g5 28. N3f2 h6 29. Bf1 Nh7 30. f4 Ra8 31. Bd3 h5 32. Qc2 gxf4 33. exf4 h4 34. Kg2 hxg3 35. hxg3 e6 36. Ne3 Nf6 37. Nh3 Ng4 38. Nxg4 fxg4 39. Ng5 exd5 40. cxd5 Re8 41. Bc4 Nb5 42. Ne6 Rxe6 43. dxe6 Bc6+ 44. Kf1 Nc3 45. Re1 d5 46. e7 Be8 47. Qf5 dxc4 48. Rh2 Qf7 49. Qxg4+ Qg6 50. Qxg6+ Bxg6 51. e8Q+ Bxe8 52. Rxe8+ Kf7 53. Rhh8 cxb3 54. g4 Ra7 55. f5 Kf6 0-1

[Event "Pardubice Jihlavanka op"]
[Site "Pardubice"]
[Date "2007.07.23"]
[Round "4"]
[White "Sindler, Michal"]
[Black "Kuzmin, Gennady"]
[Result "0-1"]
[WhiteElo "2115"]
[BlackElo "2274"]
[PlyCount "58"]
[EventDate "2007.07.20"]
[EventType "swiss"]
[EventRounds "9"]
[EventCountry "CZE"]
[SourceTitle "EXT 2009"]
[Source "ChessBase"]
[SourceDate "2008.11.26"]
[SourceVersion "1"]
[SourceVersionDate "2008.11.26"]
[SourceQuality "1"]

1. e4 e5 2. Nf3 Nc6 3. Bb5 f5 4. Nc3 Nf6 5. d3 Bc5 6. 0-0 0-0 7. exf5 Nd4 8. Ne4 Be7 9. Ba4 d5 10. Ng3 Bd6 11. Re1 Nxf5 12. Nxe5 c6 13. Bb3 Nd4 14. c3 Nxb3 15. axb3 Bxe5 16. Rxe5 Ng4 17. Re2 Qh4 18. h3 Nxf2 19. Rxf2 Qxg3 20. Rxf8+ Kxf8 21. Qf1+ Kg8 22. Bf4 Qg6 23. Qf3 d4 24. Be5 Bf5 25. Bxd4 Bxd3 26. Kh2 Re8 27. Ra5 Qd6+ 28. Re5 Rxe5 29. Qg3 Re6 0-1

[Event "St Petersburg White Nights op"]
[Site "St Petersburg"]
[Date "2000.06.28"]
[Round "5"]
[White "Karasev, Vladimir I"]
[Black "Kuzmin, Gennady"]
[Result "1-0"]
[WhiteElo "2347"]
[BlackElo "2215"]
[PlyCount "77"]
[EventDate "2000.06.23"]
[EventType "swiss"]
[EventRounds "9"]
[EventCountry "RUS"]
[SourceTitle "CBM 076 Extra"]
[Source "ChessBase"]
[SourceDate "2000.07.11"]
[SourceVersion "1"]
[SourceVersionDate "2000.07.11"]
[SourceQuality "1"]

1. b3 e5 2. Bb2 Nc6 3. e3 d5 4. Bb5 Bd6 5. f4 Qe7 6. Nf3 Bg4 7. h3 Bxf3 8. Qxf3 Nf6 9. c4 0-0 10. Bxc6 bxc6 11. fxe5 Bxe5 12. d4 Ne4 13. dxe5 Qh4+ 14. g3 Nxg3 15. Qf2 Qe4 16. Rg1 Nf5 17. Nd2 Qd3 18. Nf1 d4 19. Rd1 Qe4 20. Qf4 Qc2 21. exd4 Qxb2 22. Qxf5 Rad8 23. Qf2 Qc3+ 24. Qd2 Qxh3 25. Rg3 Qh1 26. Qg2 Qh4 27. Qf2 Kh8 28. Rdd3 f6 29. Rgf3 Qg5 30. Nd2 Rfe8 31. Rf5 Qh6 32. Rdf3 Kg8 33. Kd1 Qh1+ 34. Kc2 Qa1 35. exf6 Re1 36. Kd3 Rc1 37. f7+ Kf8 38. Re5 Qc3+ 39. Ke2 1-0

[Event "St Petersburg White Nights op"]
[Site "St Petersburg"]
[Date "2000.06.23"]
[Round "1"]
[White "Tarasov, Mikhail"]
[Black "Kuzmin, Gennady"]
[Result "1-0"]
[WhiteElo "2401"]
[BlackElo "2215"]
[PlyCount "87"]
[EventDate "2000.06.23"]
[EventType "swiss"]
[EventRounds "9"]
[EventCountry "RUS"]
[SourceTitle "CBM 076 Extra"]
[Source "ChessBase"]
[SourceDate "2000.07.11"]
[SourceVersion "1"]
[SourceVersionDate "2000.07.11"]
[SourceQuality "1"]

1. d4 g6 2. c4 Bg7 3. Nc3 d6 4. e4 Nc6 5. Nf3 e5 6. Bg5 f6 7. Be3 Nh6 8. dxe5 Nxe5 9. Nxe5 dxe5 10. Qxd8+ Kxd8 11. 0-0-0+ Bd7 12. f3 Ng8 13. c5 Ke8 14. Nb5 Bxb5 15. Bxb5+ c6 16. Bc4 Rd8 17. Rxd8+ Kxd8 18. Rd1+ Ke7 19. Rd3 Nh6 20. Rb3 Rb8 21. Ba6 Kd7 22. Bxb7 Kc7 23. Ba6 Rxb3 24. axb3 Nf7 25. Bc4 Nd8 26. b4 Bf8 27. Kc2 g5 28. Kb3 Nb7 29. g3 h6 30. f4 exf4 31. gxf4 Be7 32. f5 h5 33. Bd4 a5 34. e5 axb4 35. Kxb4 fxe5 36. Bxe5+ Kd7 37. Bd4 Bf8 38. Bf7 h4 39. Bh5 Kc7 40. Kc4 Nd8 41. Bf6 Bh6 42. b4 Kd7 43. Kd3 g4 44. Bxh4 1-0